00463nam a22001577a 4500003000400000082001800004100002100022245004300043260004400086300000700130650001700137653001700154942001200171952010500183999001700288SGT a617.632bP21T aThakker, Rishabh aPrevention and management of neural... aGurugram, HaryanabSGT Universityc2021 a95 aOral Surgery aOral Surgery 2ddccTH 00102ddc405171aFDbFDd2022-12-22l0o617.632 P21TpDT1391r2022-12-22 00:00:00w2022-12-22yTH c23612d23612